01274cam a2200325 4500999001500000001000700015003000600022005001700028008004100045010001300086040006300099041001400162050001800176100002700194245016000221260002700381300002600408336002600434337002800460338002700488630004400515650004400559650004500603653004400648653003200692653004300724700007300767700009600840942001200936 c9638d9638417453OCoLC20210204115652.0720628s1971 ne d 000 0 eng  a72181155 aDLCbengcDLCdBTCTAdLVBdSTFdGBVCPdOCLCOdOCLCQdOCLCO0 aengarcheb0 aPJ4833bOS81H1 aHolladay, William Lee.12aA concise Hebrew and Aramaic lexicon of the Old Testament.c[By] William L. Holladay. Based upon the lexical work of Ludwig Koehler and Walter Baumgartner. aLeiden,bBrill,c1971. axix, 425 pagesc26 cm atextbtxt2rdacontent aunmediatedbn2rdamedia avolumebnc2rdacarrier00aBible.pOld TestamentxLanguage, style. 0aHebrew languagevDictionariesxEnglish. 0aAramaic languagevDictionariesxEnglish. 0aAramaic languageaDictionariesaEnglish 0aBibleaO.TaLanguage, style 0aHebrew languageaDictionariesaEnglish1 aKöhler, Ludwig,d1880-1956.tLexicon in Veteris Testamenti libros.1 aKöhler, Ludwig,d1880-1956.tHebräisches und aramäisches Lexikon zum Alten Testament. 2ddccBK